Empty stocks and loose paper: governing access to medicines through informality in Northern India (Record no. 509679)

000 -LEADER
fixed length control field 01690nam a2200169 4500
008 - FIXED-LENGTH DATA ELEMENTS--GENERAL INFORMATION
fixed length control field 190517b ||||| |||| 00| 0 eng d
100 ## - MAIN ENTRY--PERSONAL NAME
Personal name Dahdah, Marine Al
245 ## - TITLE STATEMENT
Title Empty stocks and loose paper: governing access to medicines through informality in Northern India
260 ## - PUBLICATION, DISTRIBUTION, ETC. (IMPRINT)
Date of publication, distribution, etc 2018
300 ## - PHYSICAL DESCRIPTION
Extent p.778-795.
520 ## - SUMMARY, ETC.
Summary, etc Based upon research in the state of Bihar, India, this article argues that informal access to medicines in Northern India is a core element of the government of healthcare. Informal providers such as unlicensed village doctors and unlicensed drug sellers play a major role in access to medicines in Bihar, in the particular context of the dismantling of public procurement services. Building on recent works in the socio-anthropology of pharmaceuticals, the article shows the importance of taking into account the political economy of drugs in India, in order to understand local problems of access more fully. If informal providers occupy such an important position in the government of healthcare in India, this is partly due to the shaping of healthcare as access to drugs on health markets. Elaborating the argument from interviews with health professionals and patients, the article first shows the situation of public healthcare and public procurement in Bihar; then it presents the role of informal medicine providers; lastly, it shows how patients deal with the fact that they live in a ‘pharmaceutical world’ where access to health equates with access to medicines. - Reproduced.
700 ## - ADDED ENTRY--PERSONAL NAME
Personal name Kumar, Aalok
9 (RLIN) 5796
700 ## - ADDED ENTRY--PERSONAL NAME
Personal name Quet, Mathieu
9 (RLIN) 5797
773 ## - HOST ITEM ENTRY
Main entry heading International Sociology
906 ## - LOCAL DATA ELEMENT F, LDF (RLIN)
Subject DIP Medicines - India
942 ## - ADDED ENTRY ELEMENTS (KOHA)
Source of classification or shelving scheme
Item type Articles
Holdings
Withdrawn status Lost status Source of classification or shelving scheme Damaged status Not for loan Permanent location Current location Date acquired Serial Enumeration / chronology Barcode Date last seen Koha item type
          Indian Institute of Public Administration Indian Institute of Public Administration 2019-05-17 33(6), Nov, 2018: p.778-795. AR119795 2019-05-17 Articles

Powered by Koha